000 00683nam a2200217 a 4500
999 _c1951
_d1951
001 1951
003 BD-JhCC
005 20171026182611.0
008 171026s1985 bg ||||| |||| 00| 0 ben d
035 _a(BD-JhCC)1951
040 _aBD-JhCC
_dBD-JhCC
041 _aben
082 _a491.44
_bRAH 1985
100 _aরহমান, মুহাম্মদ হাবিবুর
245 _aবচন ও প্রবচন /
_cমুহাম্মদ হাবিবুর রহমান
260 _aঢাকা :
_bবাংলা একাডেমী,
_c1985.
300 _a439 P. :
_c21 cm.
650 _aBengali Lunguage
_xGrammar
942 _2ddc
_cBK